| 000 | 00807pam a2200205 a 4500 | ||
|---|---|---|---|
| 020 | _a0313240671 (lib. bdg.) | ||
| 082 | 0 | 0 |
_a355.4 _bFUL _cD |
| 100 | 1 |
_aFuller, J. F. C. _937121 |
|
| 245 | 1 | 0 |
_aArmored warfare : _ban annotated edition of Lectures on F.S.R. III (operations between mechanized forces) / _cby J.F.C. Fuller ; foreword by S.L.A. Marshall. |
| 260 |
_aWestport, Conn. : _bGreenwood Press, _c1983. |
||
| 300 |
_axix, 189 p. : _bill. ; _c22 cm. |
||
| 500 | _aReprint. Originally published: 1st American ed. Harrisbury, Pa. : Military Service Pub. Co., 1943. | ||
| 526 |
_a0 _b0 _c0 _d355_400000000000000_FUL |
||
| 650 | 0 |
_aMCE _9379 |
|
| 650 | 0 |
_aMechanization, Military. _949599 |
|
| 650 | 0 | _aStrategy. | |
| 650 | 0 |
_aTank warfare. _949525 |
|
| 700 | 1 |
_aFuller, J. F. C. _937121 |
|
| 942 |
_2ddc _cBK |
||
| 999 |
_c552386 _d552386 |
||